|
|
|
|
| LEADER |
02136nam a2200457 i 4500 |
| 001 |
EBC4943519 |
| 003 |
MiAaPQ |
| 005 |
20200923020339.0 |
| 006 |
m o d | |
| 007 |
cr cnu|||||||| |
| 008 |
171121t20132013gw a ob 000 0 ger d |
| 020 |
|
|
|z 9783828205802
|
| 020 |
|
|
|a 9783110511963
|q (electronic bk.)
|
| 035 |
|
|
|a (MiAaPQ)EBC4943519
|
| 035 |
|
|
|a (Au-PeEL)EBL4943519
|
| 035 |
|
|
|a (CaPaEBR)ebr11459266
|
| 035 |
|
|
|a (OCoLC)1009304936
|
| 040 |
|
|
|a MiAaPQ
|b eng
|e rda
|e pn
|c MiAaPQ
|d MiAaPQ
|
| 050 |
|
4 |
|a HB175
|b .W458 2013
|
| 082 |
0 |
|
|a 330
|2 23
|
| 245 |
0 |
4 |
|a Das weite Feld der Okonomik :
|b von der Wirtschaftsforschung und Wirtschaftspolitik bis zur Politischen Okonomik und Wirtschaftsethik /
|c herausgegeben von Ingo Pies ; mit Beitragen von Thomas Apolte [and 22 others].
|
| 264 |
|
1 |
|a Stuttgart, [Germany] :
|b Lucius & Lucius,
|c 2013.
|
| 264 |
|
4 |
|c 2013
|
| 300 |
|
|
|a 1 online resource (330 pages) :
|b illustrations.
|
| 336 |
|
|
|a text
|2 rdacontent
|
| 337 |
|
|
|a computer
|2 rdamedia
|
| 338 |
|
|
|a online resource
|2 rdacarrier
|
| 490 |
1 |
|
|a Schriften zu Ordnungsfragen der Wirtschaft,
|x 1432-9220 ;
|v Band 98
|
| 504 |
|
|
|a Includes bibliographical references.
|
| 588 |
|
|
|a Description based on print version record.
|
| 590 |
|
|
|a Electronic reproduction. Ann Arbor, MI : ProQuest, 2016. Available via World Wide Web. Access may be limited to ProQuest affiliated libraries.
|
| 650 |
|
0 |
|a Economics.
|
| 650 |
|
0 |
|a Economic policy.
|
| 650 |
|
0 |
|a Economics
|x Moral and ethical aspects.
|
| 655 |
|
4 |
|a Electronic books.
|
| 700 |
1 |
|
|a Pies, Ingo,
|e editor.
|
| 700 |
1 |
|
|a Hartwig, Karl-Hans,
|e contributor.
|
| 776 |
0 |
8 |
|i Print version:
|t Weite Feld der Okonomik : von der Wirtschaftsforschung und Wirtschaftspolitik bis zur Politischen Okonomik und Wirtschaftsethik.
|d Stuttgart, [Germany] : Lucius & Lucius, c2013
|h x, 329 pages
|k Schriften zu Ordnungsfragen der Wirtschaft ; Band 98.
|z 9783828205802
|w 2013382359
|
| 797 |
2 |
|
|a ProQuest (Firm)
|
| 830 |
|
0 |
|a Schriften zu Ordnungsfragen der Wirtschaft ;
|v Band 98.
|
| 856 |
4 |
0 |
|u https://ebookcentral.proquest.com/lib/matrademy/detail.action?docID=4943519
|z Click to View
|